| 000 | 01224ntm a2200265 a 4500 | ||
|---|---|---|---|
| 001 | 85160 | ||
| 003 | BD-RjUL | ||
| 005 | 20250709144708.0 | ||
| 008 | 240709s2024 bg a|||| bm|| 00| 0 eng d | ||
| 035 | _a(BD-RjUL)85160 | ||
| 040 |
_aBD-RjUL _beng _cBD-RjUL _dBD-RjUL |
||
| 041 | _aeng | ||
| 082 |
_223 _a363.82095492 _bNUF 2024 |
||
| 100 |
_aNur -A-Zannat, Mst. _915956 |
||
| 245 | 1 | 0 |
_aFeeding pattern, nutritional status and common diseases of under two years children attending at outpatient department of a tertiary level hospital / _cby Mst. Nur -A-Zannat ; _6Supervisor: Md. Masudul Hasan Khan _6Co-Supervisor : Md. Belal Uddin _6Co-Supervisor : Laila Shamima Sharmin |
| 260 |
_aRajshahi : _bInstitute of Biological Sciences, University of Rajshahi, _c2024 |
||
| 300 |
_axii, 132 leaves : _billustration ; _c29 cm. |
||
| 502 | _aThesis (Ph. D.) -- Institute of Biological Sciences, University of Rajshahi, 2024 | ||
| 504 | _aIncludes bibliographical references | ||
| 650 |
_aChildren _xNutrition _zBangladesh. _915960 |
||
| 700 |
_a Khan, Md. Masudul Hasan Supervisor _915957 |
||
| 700 |
_aBelal Uddin, Md. Co-Supervisor _915958 |
||
| 700 |
_aSharmin, Laila Shamima Co-Supervisor _915959 |
||
| 942 |
_2ddc _cTHE |
||
| 999 |
_c85160 _d85160 |
||